<?xml version="1.0" encoding="UTF-8"?><?xml-stylesheet type="text/xsl" href="static/style.xsl"?><OAI-PMH xmlns="http://www.openarchives.org/OAI/2.0/" xmlns:xsi="http://www.w3.org/2001/XMLSchema-instance" xsi:schemaLocation="http://www.openarchives.org/OAI/2.0/ http://www.openarchives.org/OAI/2.0/OAI-PMH.xsd"><responseDate>2026-04-13T07:50:00Z</responseDate><request verb="GetRecord" identifier="oai:www.recercat.cat:2072/408935" metadataPrefix="marc">https://recercat.cat/oai/request</request><GetRecord><record><header><identifier>oai:recercat.cat:2072/408935</identifier><datestamp>2026-04-02T02:42:20Z</datestamp><setSpec>com_2072_98</setSpec><setSpec>col_2072_378192</setSpec></header><metadata><record xmlns="http://www.loc.gov/MARC21/slim" xmlns:dcterms="http://purl.org/dc/terms/" xmlns:xsi="http://www.w3.org/2001/XMLSchema-instance" xmlns:doc="http://www.lyncode.com/xoai" xsi:schemaLocation="http://www.loc.gov/MARC21/slim http://www.loc.gov/standards/marcxml/schema/MARC21slim.xsd">
   <leader>00925njm 22002777a 4500</leader>
   <datafield ind2=" " ind1=" " tag="042">
      <subfield code="a">dc</subfield>
   </datafield>
   <datafield ind2=" " ind1=" " tag="720">
      <subfield code="a">Béhar, Roland</subfield>
      <subfield code="e">author</subfield>
   </datafield>
   <datafield ind2=" " ind1=" " tag="260">
      <subfield code="c">2015</subfield>
   </datafield>
   <datafield ind2=" " ind1=" " tag="520">
      <subfield code="a">Hasta la fecha apenas ha sido estudiada en su conjunto la recepción francesa de los Triumphi de Petrarca a comienzos del siglo XVI, en tiempos de Luis XII y Francisco I. Consta de no menos de cinco traducciones. Después de recordar la «prehistoria» del siglo XV francés, se recogen en la medida de lo posible los datos relativos a dichas cinco traducciones, en prosa o en verso, para permitir una futura comparación con la traducción de los Triumphi al español por Antonio de Obregón (1512). Algunas de ellas traducen o se inspiran parcialmente en el comento de Bernardo Ilicino (1475). Pese a que solo una haya sido impresa, en un formato mucho menos prestigioso que la de Obregón, algunas de ellas ocuparon un lugar destacado en las bibliotecas regias y aristocráticas, con manuscritos que constituyen una de las cumbres del arte de la miniatura francesa de entonces.</subfield>
   </datafield>
   <datafield ind2=" " ind1=" " tag="520">
      <subfield code="a">At the beginning of the 16th century, under the rule of Louis XII and Francis I, Petrarch's Triumphi were translated into French no less than five times. Even if this fact and the translations themselves have been studied separatedly, they have scarcely been attended as a whole. After a succinct introduction to the influence of the Triumphi in 15th-century France, I describe each of these translations, either in prose or in verse, to make possible a future comparison with Antonio de Obregón's rendering into Spanish (1512). Some of these translations into French were based in the well-known commentary by Bernardo Ilicino (1475), and even though only one was printed, and not in such a neat arrangement as Obregon's, they found a privileged place in the libraries of the royal family and the aristocracy, as some of their copies in manuscript stand among the best samples of the flourishing art of illumination in the France of the period.</subfield>
   </datafield>
   <datafield tag="653" ind2=" " ind1=" ">
      <subfield code="a">Petrarca</subfield>
   </datafield>
   <datafield tag="653" ind2=" " ind1=" ">
      <subfield code="a">Triumphi</subfield>
   </datafield>
   <datafield tag="653" ind2=" " ind1=" ">
      <subfield code="a">De remediis</subfield>
   </datafield>
   <datafield tag="653" ind2=" " ind1=" ">
      <subfield code="a">Georges d'Amboise</subfield>
   </datafield>
   <datafield tag="653" ind2=" " ind1=" ">
      <subfield code="a">Luis XII</subfield>
   </datafield>
   <datafield tag="653" ind2=" " ind1=" ">
      <subfield code="a">Francisco I</subfield>
   </datafield>
   <datafield tag="653" ind2=" " ind1=" ">
      <subfield code="a">Jean Robertet</subfield>
   </datafield>
   <datafield tag="653" ind2=" " ind1=" ">
      <subfield code="a">Georges de la Forge</subfield>
   </datafield>
   <datafield tag="653" ind2=" " ind1=" ">
      <subfield code="a">Simon Bourgouin</subfield>
   </datafield>
   <datafield tag="653" ind2=" " ind1=" ">
      <subfield code="a">Antoine Vérard</subfield>
   </datafield>
   <datafield tag="653" ind2=" " ind1=" ">
      <subfield code="a">Jean Maynier, baron d'Oppède</subfield>
   </datafield>
   <datafield tag="653" ind2=" " ind1=" ">
      <subfield code="a">Henry Parker, lord Morley</subfield>
   </datafield>
   <datafield tag="653" ind2=" " ind1=" ">
      <subfield code="a">Petrarch</subfield>
   </datafield>
   <datafield tag="653" ind2=" " ind1=" ">
      <subfield code="a">Louis XII</subfield>
   </datafield>
   <datafield tag="653" ind2=" " ind1=" ">
      <subfield code="a">François I</subfield>
   </datafield>
   <datafield tag="653" ind2=" " ind1=" ">
      <subfield code="a">Jean Maynier, baron of Oppède</subfield>
   </datafield>
   <datafield ind2="0" ind1="0" tag="245">
      <subfield code="a">Las traducciones francesas de los Triumphi de Petrarca (ca. 1500). Apuntes para una comparación con su recepción en la España del s. XVI</subfield>
   </datafield>
</record></metadata></record></GetRecord></OAI-PMH>